Centro Cívico Cultural para el cantón de Grecia
Shranjeno v:
| Glavni avtor: | |
|---|---|
| Drugi avtorji: | |
| Format: | Neznan |
| Jezik: | Spanish |
| Izdano: |
[San José, Costa Rica]
2014
|
| Teme: |
MUNICIPALIDAD DE GRECIA (ALAJUELA, COSTA RICA)
> GRECIA (ALAJUELA, COSTA RICA)
> CENTROS DE DESARROLLO CULTURAL - DISEÑOS Y PLANOS - GRECIA (ALAJUELA, COSTA RICA)
> CENTROS SOCIALES - DISEÑOS Y PLANOS - GRECIA (ALAJUELA, COSTA RICA)
> CENTROS SOCIALES - ARQUITECTURA - GRECIA (ALAJUELA, COSTA RICA)
> DISEÑO ARQUITECTONICO - GRECIA (ALAJUELA, COSTA RICA)
> REMODELACION DE EDIFICIOS
> CENTROS DE DESARROLLO CULTURAL - ARQUITECTURA - GRECIA (ALAJUELA, COSTA RICA)
|
| Online dostop: | https://cedi.ucr.ac.cr/arquitectura/centro-civico-cultural-para-el-canton-de-grecia/ |
| Oznake: |
Označite
Brez oznak, prvi označite!
|
MARC
| LEADER | 00000 a2200000 4500 | ||
|---|---|---|---|
| 003 | EA0086 | ||
| 005 | 20231005152712.0 | ||
| 008 | 140114s2014 cr a 000 ||spa d | ||
| 040 | |c cru CEDI | ||
| 090 | |a TFG EA-086 | ||
| 100 | |a Murillo Szymanek, Silvia |9 20120 | ||
| 245 | |a Centro Cívico Cultural para el cantón de Grecia | ||
| 260 | |a [San José, Costa Rica] |c 2014 | ||
| 500 | |a Proyecto de graduación (licenciatura en arquitectura)--Universidad de Costa Rica. Facultad de Ingeniería. Escuela de Arquitectura | ||
| 501 | |a Director de Proyecto de Graduación: Arq. Mag. Carlos Luis Azofeifa Ortiz | ||
| 650 | |x MUNICIPALIDAD DE GRECIA (ALAJUELA, COSTA RICA) |x GRECIA (ALAJUELA, COSTA RICA) |x CENTROS DE DESARROLLO CULTURAL - DISEÑOS Y PLANOS - GRECIA (ALAJUELA, COSTA RICA) |x CENTROS SOCIALES - DISEÑOS Y PLANOS - GRECIA (ALAJUELA, COSTA RICA) |x CENTROS SOCIALES - ARQUITECTURA - GRECIA (ALAJUELA, COSTA RICA) |x DISEÑO ARQUITECTONICO - GRECIA (ALAJUELA, COSTA RICA) |x REMODELACION DE EDIFICIOS |x CENTROS DE DESARROLLO CULTURAL - ARQUITECTURA - GRECIA (ALAJUELA, COSTA RICA) |9 20121 | ||
| 700 | |9 99 |a Azofeifa Ortiz, Carlos Luis, 1965- |d Director del TFG | ||
| 856 | |u https://cedi.ucr.ac.cr/arquitectura/centro-civico-cultural-para-el-canton-de-grecia/ |y https://cedi.ucr.ac.cr/arquitectura/centro-civico-cultural-para-el-canton-de-grecia/ | ||
| 942 | |c CEDI |2 ddc | ||
| 999 | |c 11468 |d 11468 | ||
